Automatisieren mit Know-how : Handhabung. Robotik. Montage
Gespeichert in:
| 1. Verfasser: | |
|---|---|
| Format: | Buch |
| Sprache: | Deutsch |
| Veröffentlicht: |
Darmstadt :
Hoppenstedt Bonnier Zeitschriften,
2002
|
| Schlagworte: | |
| Tags: |
Keine Tags, Fügen Sie das erste Tag hinzu!
|
MARC
| LEADER | 00000nam a22000003a 4500 | ||
|---|---|---|---|
| 001 | stu165817 | ||
| 005 | 20150617230000.1 | ||
| 008 | 080625s2002----gw------------------ger-d | ||
| 020 | |a 3-935772-00-9 | ||
| 040 | |a STU |b slo | ||
| 041 | 0 | |a ger | |
| 044 | |a gw | ||
| 100 | 1 | |a Hesse, Stefan |4 aut | |
| 245 | 1 | |a Automatisieren mit Know-how : |b Handhabung. Robotik. Montage | |
| 260 | |a Darmstadt : |b Hoppenstedt Bonnier Zeitschriften, |c 2002 | ||
| 300 | |a 296 s | ||
| 650 | 7 | |a manipulačné prístroje |2 stusub | |
| 996 | |b 284M067971 |c M*12331-1 |l MMKN |s A |a 24 |w stu165817_0001 | ||